[Event "35. DSenEM 50+"]
[Site "Bad Wildungen"]
[Date "2023.07.21"]
[Round "5.13"]
[White "Noldt, Torsten"]
[Black "Arndt, Olaf"]
[Result "1/2-1/2"]
[WhiteElo "1989"]
[BlackElo "1871"]
[PlyCount "82"]
[EventDate "2023.??.??"]
[WhiteTeam "Elmshorner SC von 1896"]
[BlackTeam "Schachverein Horst-Emscher 31"]

1. c4 f5 2. g3 e6 3. Bg2 d5 4. b3 Nf6 5. Bb2 c6 6. Nf3 Bd6 7. O-O O-O 8. d3 Bd7 9. Nbd2 Be8 10. Nd4 Qd7 11. N4f3 Bh5 12. Qc2 Qc7 13. c5 Be7 14. b4 Nbd7 15. Nd4 Bf7 16. e4 fxe4 17. dxe4 e5 18. Nf5 Rae8 19. Rac1 Bg6 20. Nh4 Bxe4 21. Nxe4 Nxe4 22. Bxe4 dxe4 23. Qxe4 Nf6 24. Qe2 Nd5 25. Qh5 Bxh4 26. Qxh4 Re6 27. Rce1 Rh6 28. Qc4 Qd7 29. Bxe5 Qh3 30. g4 Rg6 31. Re4 Qf3 32. Bd6 Rc8 33. Rfe1 h5 34. Rf4 Rxg4+ 35. Rxg4 Qxg4+ 36. Qxg4 hxg4 37. a3 a5 38. Re4 axb4 39. axb4 Ra8 40. Rxg4 Kf7 41. Be5 g6 1/2-1/2

[Event "35. DSenEM 50+"]
[Site "Bad Wildungen"]
[Date "2023.07.21"]
[Round "5.14"]
[White "Fabig, Holger"]
[Black "Goeldenboog, Juergen"]
[Result "1-0"]
[WhiteElo "1928"]
[BlackElo "1984"]
[PlyCount "73"]
[EventDate "2023.??.??"]
[WhiteTeam "SK Marmstorf GW Harburg"]
[BlackTeam "Schachverein Horst-Emscher 31"]

1. e4 c6 2. d4 d5 3. e5 c5 4. dxc5 e6 5. Be3 Qc7 6. Nf3 Bxc5 7. Bxc5 Qxc5 8. Bd3 Ne7 9. O-O Ng6 10. Nbd2 Nc6 11. Re1 Nb4 12. Nb3 Qc7 13. h4 Nxd3 14. cxd3 Bd7 15. Rc1 Bc6 16. Nbd4 Qd7 17. Qd2 h6 18. h5 Ne7 19. Qf4 a6 20. Re3 g5 21. Qf6 Rh7 22. Nh2 Ng8 23. Qf3 O-O-O 24. Nxc6 bxc6 25. d4 Ne7 26. Ra3 Qb7 27. Rcc3 Qxb2 28. Qd3 Rhh8 29. Rcb3 Qc1+ 30. Nf1 Qc4 31. Qb1 Kd7 32. Rb7+ Ke8 33. Qb6 Rc8 34. Rxa6 Kf8 35. Rxe7 Qxa6 36. Qxa6 Kxe7 37. Qb7+ 1-0

[Event "35. DSenEM 50+"]
[Site "Bad Wildungen"]
[Date "2023.07.21"]
[Round "5.15"]
[White "Kopischke, Maik"]
[Black "Sakkal, Cherin"]
[Result "1/2-1/2"]
[WhiteElo "1800"]
[BlackElo "1967"]
[Annotator "hugo5"]
[PlyCount "25"]
[EventDate "2023.??.??"]
[WhiteTeam "SG Weissensee 49 e.V."]
[BlackTeam "SC Haar 1931"]

1. Nf3 d5 2. g3 Bf5 3. Bg2 Nf6 4. c4 c6 5. cxd5 cxd5 6. Qb3 Qb6 7. Qxb6 axb6 8. Nc3 Bd7 9. Ne5 Bc6 10. d4 Na6 11. a3 e6 12. Bf4 Bd6 13. Rc1 {(=)} 1/2-1/2

[Event "35. DSenEM 50+"]
[Site "Bad Wildungen"]
[Date "2023.07.21"]
[Round "5.16"]
[White "Herold, Hansjoerg"]
[Black "Stern, Geoffrey"]
[Result "1/2-1/2"]
[WhiteElo "1836"]
[BlackElo "1959"]
[Annotator "hugo5"]
[PlyCount "28"]
[EventDate "2023.??.??"]
[WhiteTeam "SV 23 Boeckingen"]
[BlackTeam "Gambit Bonnevoie"]

1. e4 e6 2. d4 d5 3. Nc3 Nc6 4. Nf3 Nf6 5. e5 Ne4 6. Bd3 Bb4 7. Bd2 Bxc3 8. bxc3 Nxd2 9. Qxd2 f6 10. Qf4 O-O 11. Qh4 f5 12. Qxd8 Nxd8 13. c4 c6 14. cxd5 exd5 {(=)} 1/2-1/2

[Event "35. DSenEM 50+"]
[Site "Bad Wildungen"]
[Date "2023.07.21"]
[Round "5.17"]
[White "Brixius, Dirk"]
[Black "Fiedler, Wolfgang"]
[Result "0-1"]
[WhiteElo "1748"]
[BlackElo "1981"]
[Annotator "hugo5"]
[PlyCount "142"]
[EventDate "2023.??.??"]
[WhiteTeam "SF Essen-Werden 1924/80"]
[BlackTeam "SC Schwarz-Weiss Nuernberg Sued"]

1. c4 g6 2. Nc3 Bg7 3. d4 d6 4. Nf3 Nc6 5. e3 Bg4 6. h3 Bd7 7. Be2 e5 8. d5 Nce7 9. O-O f5 10. Re1 h6 11. Bf1 Nf6 12. b4 a5 13. Rb1 axb4 14. Rxb4 b6 15. a4 O-O 16. Bd2 g5 17. g3 Ng6 18. Nb5 Ne4 19. Bc1 Nc5 20. Nd2 e4 21. f4 gxf4 22. exf4 Re8 23. Re3 Bxb5 24. cxb5 Qd7 25. Nc4 {(=)} Qf7 26. Bb2 Ne7 27. Bxg7 Kxg7 28. Qd4+ Kh7 29. Nb2 Qxd5 30. Qf6 Qe6 31. Qxe6 Nxe6 32. Rc4 d5 33. Rc1 d4 34. Ree1 Nc5 35. Bc4 d3 36. Rcd1 Rad8 37. Rd2 Nd5 38. Bxd3 exd3 39. Rxe8 Rxe8 40. Nxd3 Nxd3 41. Rxd3 Rd8 42. Kf2 Kg6 43. Rd4 Rd7 44. Kf3 Nf6 45. Rc4 h5 46. Ke2 Ne4 47. Rc6+ Kg7 48. g4 hxg4 49. hxg4 fxg4 50. Ke3 Nf6 51. f5 Kf7 52. Kf4 Ne8 53. Kxg4 Rd4+ 54. Kg5 Rxa4 55. Rh6 Rb4 56. Rh7+ Kf8 57. Rh8+ Ke7 58. Rh7+ Kd8 59. Kg6 Nd6 60. f6 Rxb5 61. Rh8+ Kd7 62. f7 Nxf7 63. Kxf7 Rf5+ 64. Kg6 Rf1 65. Rb8 Kc6 66. Kg5 b5 67. Kg4 Kc5 68. Re8 b4 69. Re5+ Kb6 70. Re6+ Kb5 71. Re5+ c5 0-1

[Event "35. DSenEM 50+"]
[Site "Bad Wildungen"]
[Date "2023.07.21"]
[Round "5.19"]
[White "Warnk, Torsten"]
[Black "Domnick, Michael"]
[Result "1/2-1/2"]
[WhiteElo "1733"]
[BlackElo "1742"]
[Annotator "hugo5"]
[PlyCount "83"]
[EventDate "2023.??.??"]
[WhiteTeam "Sges Bensheim 1931"]
[BlackTeam "Turnverein Witzhelden 1884 e. V."]

1. d4 Nf6 2. Nf3 d5 3. Bf4 Bf5 4. e3 Nbd7 5. c4 e6 6. Nc3 Bb4 7. Qb3 Bxc3+ 8. bxc3 dxc4 9. Bxc4 Nb6 10. Be2 O-O 11. O-O Ne4 12. c4 c5 13. Rfd1 cxd4 14. Nxd4 Qf6 15. f3 Nc5 16. Qb5 Rfc8 17. e4 Bg6 18. Be3 Nba4 19. Rac1 b6 20. Nb3 Nc3 21. Rxc3 Qxc3 22. Bf2 Nxb3 23. axb3 Qc2 24. Kf1 Rd8 25. Rxd8+ Rxd8 26. Be1 Qc1 27. Qa4 Qf4 28. Qxa7 Bxe4 29. Qxb6 Ra8 30. Qd4 f5 31. g3 Qh6 32. fxe4 Qxh2 33. exf5 Rf8 34. g4 h5 35. Qf2 Qh3+ 36. Qg2 Qxb3 37. Kg1 hxg4 38. Qxg4 Rxf5 39. Qg3 Qb6+ 40. Bf2 Qb1+ 41. Kg2 Qe4+ 42. Kf1 {(=)} 1/2-1/2

[Event "35. DSenEM 50+"]
[Site "Bad Wildungen"]
[Date "2023.07.21"]
[Round "5.20"]
[White "Bigott, Martin"]
[Black "Fink, Wolfgang"]
[Result "1/2-1/2"]
[WhiteElo "1768"]
[BlackElo "1770"]
[Annotator "hugo5"]
[PlyCount "41"]
[EventDate "2023.??.??"]
[WhiteTeam "Schachklub Koeln-Suedwest"]
[BlackTeam "Fit, Step by Step e.V."]

1. c4 f5 2. d4 Nf6 3. g3 c6 4. Bg2 e6 5. Nc3 d5 6. cxd5 exd5 7. Nh3 Bd6 8. Bf4 O-O 9. Bxd6 Qxd6 10. O-O Nbd7 11. Qd3 Nb6 12. b3 Ne4 13. f3 Nxc3 14. Qxc3 Nd7 15. e4 fxe4 16. fxe4 dxe4 17. Rxf8+ Nxf8 18. Ng5 Ne6 19. Nxe4 Qxd4+ 20. Qxd4 Nxd4 21. Rd1 {(=)} 1/2-1/2

[Event "35. DSenEM 50+"]
[Site "Bad Wildungen"]
[Date "2023.07.21"]
[Round "5.21"]
[White "Papenfuss, Kai"]
[Black "Bauer, Werner"]
[Result "0-1"]
[WhiteElo "1726"]
[BlackElo "1813"]
[PlyCount "92"]
[EventDate "2023.??.??"]
[WhiteTeam "SV Bad Bevensen"]
[BlackTeam "SV Weiss-Blau Allianz Muenchen"]

1. e4 d6 2. Nc3 Nf6 3. g3 g6 4. Bg2 Bg7 5. Nge2 e5 6. d3 O-O 7. h3 c6 8. f4 Nh5 9. O-O exf4 10. g4 Ng3 11. Rxf4 Nxe2+ 12. Qxe2 Qb6+ 13. Kh1 Be6 14. Nd1 Nd7 15. Be3 Qc7 16. d4 d5 17. e5 f6 18. exf6 Nxf6 19. Nc3 Ne4 20. Rxf8+ Rxf8 21. Nxe4 dxe4 22. Bg1 Qg3 23. Qe3 Qh4 24. Qxe4 Bd5 25. Qe2 Qxh3+ 26. Bh2 Bxg2+ 27. Qxg2 Qxg2+ 28. Kxg2 Bxd4 29. c3 Bb6 30. Bg3 Rd8 31. Bf4 Re8 32. Kf3 Rf8 33. Kg3 Rd8 34. Re1 Rd3+ 35. Kg2 Kf7 36. Rf1 Ke8 37. Rh1 Rd7 38. Bg5 Rf7 39. Re1+ Kd7 40. Re2 h5 41. Rd2+ Ke6 42. Re2+ Kd5 43. gxh5 gxh5 44. Kg3 Kc4 45. Rd2 Rg7 46. Kf4 Rxg5 0-1

[Event "35. DSenEM 50+"]
[Site "Bad Wildungen"]
[Date "2023.07.21"]
[Round "5.22"]
[White "Stolzenwald, Frank"]
[Black "Hafenstein, Andrea"]
[Result "0-1"]
[WhiteElo "1285"]
[BlackElo "1799"]
[PlyCount "45"]
[EventDate "2023.??.??"]
[WhiteTeam "TSG Turn- und Sportgemeinschaft"]
[BlackTeam "Rodewischer Schachmiezen"]

1. c4 e5 2. Nc3 g6 3. e4 Bg7 4. d3 Ne7 5. f4 O-O 6. Nf3 f6 7. h4 h5 8. Be2 d6 9. Be3 b6 10. fxe5 fxe5 11. Ng5 Na6 12. Bxh5 Rf6 13. Bg4 d5 14. Bxc8 Rxc8 15. Ne2 d4 16. Bd2 Nc5 17. Bb4 Qd6 18. a4 Nxd3+ 19. Qxd3 Qxb4+ 20. Kd1 Rf2 21. b3 Rcf8 22. Kc2 Rxg2 23. Nf3 0-1

[Event "35. DSenEM 50+"]
[Site "Bad Wildungen"]
[Date "2023.07.21"]
[Round "5.23"]
[White "Rehbein, Ullrich"]
[Black "Gaul, Karl-Heinz"]
[Result "0-1"]
[WhiteElo "1768"]
[BlackElo "1535"]
[PlyCount "80"]
[EventDate "2023.??.??"]
[WhiteTeam "SAbt TG 1949 Wehlheiden"]
[BlackTeam "SC Schwarz-Weiss Lichtenrade e.V"]

1. d4 d5 2. Nc3 b6 3. e4 dxe4 4. Nxe4 Bb7 5. Bb5+ c6 6. Bc4 b5 7. Bb3 e6 8. Nf3 c5 9. Nxc5 Bxc5 10. dxc5 Qxd1+ 11. Kxd1 Nd7 12. Be3 Bxf3+ 13. gxf3 Ne5 14. Ke2 Ne7 15. a4 b4 16. Rhg1 O-O 17. h4 Nf5 18. h5 Rac8 19. Bf4 Nc6 20. Rad1 Ncd4+ 21. Kd3 Nxf3 22. Kc4 Nxg1 23. Rxg1 Rfd8 24. Be3 a5 25. Kb5 Rb8+ 26. Kxa5 Nxe3 27. fxe3 Rdc8 28. Rd1 Rxc5+ 29. Ka6 Rxh5 30. Ka7 Rf8 31. Rd4 Re5 32. e4 h5 33. Kb6 g5 34. a5 Rb8+ 35. Ka7 Rbb5 36. a6 Rec5 37. Rd8+ Kg7 38. Ba4 Rc7+ 39. Ka8 Rb6 40. e5 Rxa6+ 0-1

[Event "35. DSenEM 50+"]
[Site "Bad Wildungen"]
[Date "2023.07.21"]
[Round "5.24"]
[White "Lebioda-Dette, Kordula"]
[Black "Gerks, Joachim"]
[Result "1/2-1/2"]
[WhiteElo "1701"]
[BlackElo "1765"]
[PlyCount "40"]
[EventDate "2023.??.??"]
[WhiteTeam "SF Essen-Werden 1924/80"]
[BlackTeam "SK Norderstedt von 1975"]

1. e4 c5 2. Nf3 Nc6 3. Be2 d6 4. O-O Nf6 5. d3 g6 6. c3 Bg7 7. Bg5 h6 8. Bh4 O-O 9. Na3 Bg4 10. h3 Bxf3 11. Bxf3 a6 12. Nc4 Qc7 13. Ne3 e6 14. Rb1 Nd7 15. Bg3 b5 16. Qd2 a5 17. Rfe1 Nde5 18. Be2 b4 19. d4 cxd4 20. cxd4 Nd7 1/2-1/2

[Event "35. DSenEM 50+"]
[Site "Bad Wildungen"]
[Date "2023.07.22"]
[Round "6.1"]
[White "Syre, Christian"]
[Black "Wacker, Peter"]
[Result "1/2-1/2"]
[WhiteElo "2169"]
[BlackElo "2285"]
[PlyCount "36"]
[EventDate "2023.??.??"]
[WhiteTeam "SC Kreuzberg e.V."]
[BlackTeam "Klub Koelner Schachfreunde e. V."]

1. d4 Nf6 2. Nf3 d5 3. e3 e6 4. Bd3 c5 5. O-O Nc6 6. b3 Be7 7. a3 O-O 8. Nbd2 b6 9. Bb2 Bb7 10. Re1 Nd7 11. c4 Bf6 12. Qc2 g6 13. Rad1 Rc8 14. h4 Qe7 15. h5 dxc4 16. bxc4 Bg7 17. hxg6 hxg6 18. Qb1 Rfd8 1/2-1/2

[Event "35. DSenEM 50+"]
[Site "Bad Wildungen"]
[Date "2023.07.22"]
[Round "6.2"]
[White "Metz, Hartmut"]
[Black "Willsch, Matthias"]
[Result "1/2-1/2"]
[WhiteElo "2175"]
[BlackElo "2097"]
[Annotator "hugo5"]
[PlyCount "54"]
[EventDate "2023.??.??"]
[WhiteTeam "SG Rochade Kuppenheim 1979 e.V."]
[BlackTeam "Preetzer TSV"]

1. d4 d5 2. Bf4 Nf6 3. e3 e6 4. Nd2 c5 5. c3 Nc6 6. Be2 Bd6 7. Bg3 O-O 8. Ngf3 b6 9. Ne5 Bb7 10. f4 Ne7 11. O-O Nf5 12. Bf2 Be7 13. Ng4 Ne4 14. Nxe4 dxe4 15. Qd2 Rc8 16. Rfc1 f6 17. h3 Qd6 18. Qe1 Rc7 19. Nh2 cxd4 20. cxd4 Rfc8 21. Nf1 Qb4 22. Rxc7 Rxc7 23. Qxb4 Bxb4 24. a3 Bd6 25. g4 Ne7 26. Rd1 Rc2 27. Rd2 Rc1 {(=)} 1/2-1/2

[Event "35. DSenEM 50+"]
[Site "Bad Wildungen"]
[Date "2023.07.22"]
[Round "6.3"]
[White "Lindam, Ingo"]
[Black "Cmiel, Thorsten"]
[Result "1/2-1/2"]
[WhiteElo "2136"]
[BlackElo "2038"]
[Annotator "hugo5"]
[PlyCount "54"]
[EventDate "2023.??.??"]
[WhiteTeam "Schachclub Hilchenbach"]
[BlackTeam "Koelner Schachklub Dr.Lasker 186"]

1. d4 d5 2. Nf3 e6 3. c4 Nf6 4. g3 dxc4 5. Bg2 c5 6. O-O Nc6 7. dxc5 Qxd1 8. Rxd1 Bxc5 9. Nbd2 c3 10. bxc3 O-O 11. Nb3 Be7 12. Nfd4 Nxd4 13. cxd4 Nd5 14. e4 Nc3 15. Rd3 Ne2+ 16. Kh1 Nxc1 17. Rxc1 Rb8 18. e5 Bb4 19. Rc4 a5 20. a3 Bxa3 21. Nxa5 b6 22. Rxa3 bxa5 23. Bc6 Rb1+ 24. Kg2 Ba6 25. Rc5 Bf1+ 26. Kf3 f6 27. Kg4 Rb4 {(=)} 1/2-1/2

[Event "35. DSenEM 50+"]
[Site "Bad Wildungen"]
[Date "2023.07.22"]
[Round "6.4"]
[White "Balzer, Lars"]
[Black "Schatz, Christian"]
[Result "0-1"]
[WhiteElo "2016"]
[BlackElo "2168"]
[Annotator "hugo5"]
[PlyCount "106"]
[EventDate "2023.??.??"]
[WhiteTeam "OSG Baden-Baden"]
[BlackTeam "SC Postbauer-Heng e.V."]

{[%evp 0,26,19,38,40,46,33,10,25,23,17,19,25,12,8,-3,-1,-6,5,10,13,23,24,-37,-58,-38,-9,1,-6]} 1. e4 c5 2. Nc3 Nc6 3. g3 g6 4. Bg2 Bg7 5. d3 d6 6. Be3 Nf6 7. h3 O-O 8. Nge2 Rb8 9. f4 Bd7 10. O-O b5 11. Qd2 b4 12. Nd1 Ne8 13. f5 Qb6 {(=)} 14. g4 Nc7 15. Kh1 Ne5 16. Bh6 f6 17. Bxg7 Kxg7 18. Ne3 g5 19. Ng3 Be8 20. Bf3 Rh8 21. Kg2 h5 22. Rfe1 h4 23. Ngf1 Bf7 24. b3 Nb5 25. Nc4 Bxc4 26. dxc4 Nd4 27. Be2 Qb7 28. Bd1 a5 29. a4 Rhe8 30. Nh2 e6 31. Nf3 Nexf3 32. Bxf3 exf5 33. gxf5 Re5 34. Qd3 Rbe8 35. Rad1 R8e7 36. Kf2 Qc6 37. Bg2 Qe8 38. Qd2 Kh7 39. Kf1 Qh5 40. Qf2 g4 41. Qf4 gxh3 42. Bh1 Rg7 43. Rd3 Rg4 44. Qh2 Qg5 45. Ree3 Rf4+ 46. Ke1 Nxc2+ 47. Qxc2 Qg1+ 48. Kd2 Qxh1 49. Rxd6 Rf2+ 50. Re2 Rxe2+ 51. Kxe2 Rxe4+ 52. Kd2 Qe1+ 53. Kd3 Qe3# 0-1

[Event "35. DSenEM 50+"]
[Site "Bad Wildungen"]
[Date "2023.07.22"]
[Round "6.5"]
[White "Zude, Arno"]
[Black "Roettinger, Eugen"]
[Result "1-0"]
[WhiteElo "2348"]
[BlackElo "1965"]
[PlyCount "37"]
[EventDate "2023.??.??"]
[WhiteTeam "SV 1920 Hofheim"]
[BlackTeam "TG Biberach 1847 e.V."]

1. e4 c6 2. d4 d5 3. e5 c5 4. c3 cxd4 5. cxd4 Nc6 6. Nc3 Nh6 7. Be2 g6 8. h3 f6 9. exf6 exf6 10. Nf3 Be6 11. O-O Nf5 12. Re1 Kf7 13. a3 Rc8 14. Na4 Na5 15. Nc5 Bxc5 16. dxc5 Rxc5 17. b4 Rc8 18. bxa5 Qxa5 19. Bb2 1-0

[Event "35. DSenEM 50+"]
[Site "Bad Wildungen"]
[Date "2023.07.22"]
[Round "6.6"]
[White "Heck, Norbert"]
[Black "Porth, Hartmut"]
[Result "1/2-1/2"]
[WhiteElo "2199"]
[BlackElo "1954"]
[Annotator "hugo5"]
[PlyCount "57"]
[EventDate "2023.??.??"]
[WhiteTeam "SF Neuberg"]
[BlackTeam "SV Bargteheide"]

1. Nf3 Nc6 2. c4 e5 3. Nc3 g6 4. g3 Bg7 5. Bg2 d6 6. O-O f5 7. d3 Nf6 8. Rb1 a5 9. a3 O-O 10. Bd2 h6 11. b4 axb4 12. axb4 Ne7 13. b5 Nh5 14. Ne1 f4 15. Nc2 c6 16. Nb4 Bd7 17. Ne4 c5 18. Nd5 Nxd5 19. cxd5 Qe7 20. Qb3 Kh8 21. Bc3 Nf6 22. Nd2 fxg3 23. hxg3 Ng4 24. Nf3 g5 25. Nh2 Nf6 26. Qc4 g4 27. Ra1 h5 28. Rxa8 Rxa8 29. Rb1 {(=)} 1/2-1/2

[Event "35. DSenEM 50+"]
[Site "Bad Wildungen"]
[Date "2023.07.22"]
[Round "6.7"]
[White "Baer, Marco"]
[Black "Fabig, Holger"]
[Result "1-0"]
[WhiteElo "2079"]
[BlackElo "1928"]
[PlyCount "69"]
[EventDate "2023.??.??"]
[WhiteTeam "Schachclub Bayer Leverkusen e.V."]
[BlackTeam "SK Marmstorf GW Harburg"]

1. d4 e6 2. e4 b6 3. Nf3 Bb7 4. Bd3 Nf6 5. Qe2 d5 6. e5 Nfd7 7. O-O c5 8. c3 Nc6 9. a3 Be7 10. Re1 h6 11. Nbd2 g5 12. h3 Qc7 13. Nf1 O-O-O 14. b4 c4 15. Bc2 Rdg8 16. N3h2 h5 17. Ng3 h4 18. Ngf1 Nd8 19. Ng4 Kb8 20. Nfh2 a6 21. Bd2 Bc8 22. Rf1 f5 23. exf6 Nxf6 24. Nxf6 Bxf6 25. Ng4 Be7 26. f4 gxf4 27. Bxf4 Bd6 28. Bxd6 Qxd6 29. Ne5 Rg3 30. Rf3 Rhg8 31. Raf1 Rxg2+ 32. Qxg2 Rxg2+ 33. Kxg2 Qe7 34. Rf6 Kc7 35. Rf7 1-0

[Event "35. DSenEM 50+"]
[Site "Bad Wildungen"]
[Date "2023.07.22"]
[Round "6.8"]
[White "Schneider, Michael"]
[Black "Jahn, Peter"]
[Result "1/2-1/2"]
[WhiteElo "2025"]
[BlackElo "2077"]
[Annotator "hugo5"]
[PlyCount "31"]
[EventDate "2023.??.??"]
[WhiteTeam "SC Niefern-Oeschelbronn"]
[BlackTeam "Husumer SV von 1898"]

1. Nf3 e6 2. g3 d5 3. Bg2 Nf6 4. O-O Be7 5. d4 O-O 6. c4 c6 7. b3 Nbd7 8. Bb2 b6 9. Nbd2 Bb7 10. Qc2 Rc8 11. e4 c5 12. exd5 exd5 13. Ne5 cxd4 14. Bxd4 Qc7 15. Qb2 dxc4 16. Ndxc4 {(=)} 1/2-1/2

[Event "35. DSenEM 50+"]
[Site "Bad Wildungen"]
[Date "2023.07.22"]
[Round "6.9"]
[White "Hoffmann, Michael"]
[Black "von Kiedrowski, Klemens"]
[Result "1/2-1/2"]
[WhiteElo "1942"]
[BlackElo "2069"]
[Annotator "hugo5"]
[PlyCount "38"]
[EventDate "2023.??.??"]
[WhiteTeam "Gardez Robe"]
[BlackTeam "SAbt TG 1949 Wehlheiden"]

1. d4 Nf6 2. Nf3 c5 3. d5 e6 4. Nc3 exd5 5. Nxd5 Nxd5 6. Qxd5 Nc6 7. c3 d6 8. e4 Be6 9. Qd1 Be7 10. Be2 O-O 11. O-O d5 12. exd5 Qxd5 13. Qxd5 Bxd5 14. Be3 Rfd8 15. c4 Be6 16. Rfd1 h6 17. b3 g5 18. Rxd8+ Rxd8 19. Rd1 Rxd1+ {(=)} 1/2-1/2

[Event "35. DSenEM 50+"]
[Site "Bad Wildungen"]
[Date "2023.07.22"]
[Round "6.10"]
[White "Marquardt, Christian"]
[Black "Noldt, Torsten"]
[Result "1/2-1/2"]
[WhiteElo "1995"]
[BlackElo "1989"]
[Annotator "hugo5"]
[PlyCount "49"]
[EventDate "2023.??.??"]
[WhiteTeam "SV 03/25 Koblenz"]
[BlackTeam "Elmshorner SC von 1896"]

1. c4 g6 2. g3 Bg7 3. Bg2 c5 4. Nc3 Nc6 5. a3 d6 6. Rb1 a5 7. Nf3 e5 8. d3 Nge7 9. O-O O-O 10. Ne1 Be6 11. Nd5 Rb8 12. Qa4 Nd4 13. Qd1 b5 14. e3 Ndf5 15. Bd2 Nh6 16. Qc2 b4 17. Nf3 Nxd5 18. cxd5 Bxd5 19. axb4 cxb4 20. Rbc1 Rc8 21. Qa4 Qb6 22. Ng5 Bxg2 23. Kxg2 Rfd8 24. e4 d5 25. exd5 {(=)} 1/2-1/2

[Event "35. DSenEM 50+"]
[Site "Bad Wildungen"]
[Date "2023.07.22"]
[Round "6.11"]
[White "Schaefer, Lutz"]
[Black "Schell, Franz Juergen"]
[Result "0-1"]
[WhiteElo "1841"]
[BlackElo "2069"]
[PlyCount "78"]
[EventDate "2023.??.??"]
[WhiteTeam "SV Vimbuch"]
[BlackTeam "Bramfelder SK 1947 e.V."]

1. Nf3 Nf6 2. b3 d6 3. Bb2 e5 4. e3 Be7 5. c4 c6 6. Qc2 Bg4 7. Nc3 Nbd7 8. d3 O-O 9. Ne4 d5 10. Nxf6+ Bxf6 11. a3 Qe7 12. Nd2 b5 13. h3 Be6 14. Rc1 bxc4 15. dxc4 e4 16. Bxf6 Qxf6 17. c5 Qg6 18. Qc3 f6 19. Qd4 a5 20. g3 Ne5 21. Rc3 Bc8 22. Kd1 Qf5 23. Rh2 Ba6 24. Bxa6 Rxa6 25. Ke2 Rb8 26. Rh1 Nf3 27. Qa4 Nxd2 28. Kxd2 Qxf2+ 29. Kc1 Qxg3 30. Qd4 Qg2 31. Qd1 Qa2 32. Rg1 Qxa3+ 33. Kd2 Qb2+ 34. Rc2 Qxb3 35. Qg4 Qd3+ 36. Kc1 Qxe3+ 37. Rd2 Qc3+ 38. Kd1 Rb1+ 39. Ke2 Qf3+ 0-1

[Event "35. DSenEM 50+"]
[Site "Bad Wildungen"]
[Date "2023.07.22"]
[Round "6.12"]
[White "Sakkal, Cherin"]
[Black "Arndt, Olaf"]
[Result "1/2-1/2"]
[WhiteElo "1967"]
[BlackElo "1871"]
[Annotator "hugo5"]
[PlyCount "57"]
[EventDate "2023.??.??"]
[WhiteTeam "SC Haar 1931"]
[BlackTeam "Schachverein Horst-Emscher 31"]

1. e4 d5 2. exd5 Nf6 3. Bb5+ Bd7 4. Be2 Nxd5 5. d4 Bf5 6. Nf3 e6 7. O-O Be7 8. Bd3 Bg4 9. h3 Bh5 10. Re1 Nc6 11. c3 O-O 12. Nbd2 Nf6 13. b4 a6 14. a4 Nd5 15. Qc2 Bg6 16. Bxg6 hxg6 17. Ne4 Bf6 {(=)} 18. Bd2 Nb6 19. Nc5 Qd5 20. Bf4 Rac8 21. b5 axb5 22. axb5 Ne7 23. Ra7 Qc4 24. Qb1 Ned5 25. Bd2 Ra8 26. Rxa8 Rxa8 27. Qb3 Ra5 28. Rb1 Ra7 29. Qb2 {(=)} 1/2-1/2

[Event "35. DSenEM 50+"]
[Site "Bad Wildungen"]
[Date "2023.07.22"]
[Round "6.13"]
[White "Stern, Geoffrey"]
[Black "Birkholz, Axel"]
[Result "1-0"]
[WhiteElo "1959"]
[BlackElo "1843"]
[PlyCount "147"]
[EventDate "2023.??.??"]
[WhiteTeam "Gambit Bonnevoie"]
[BlackTeam "SR Spaichingen"]

1. d4 Nf6 2. Nc3 d5 3. Bf4 c5 4. e3 cxd4 5. exd4 a6 6. Nf3 Bf5 7. Ne5 e6 8. g4 Bg6 9. h4 h6 10. Nxg6 fxg6 11. Bd3 Kf7 12. h5 gxh5 13. gxh5 Bd6 14. Bg6+ Ke7 15. Qd2 Nc6 16. O-O-O Na5 17. Rde1 Nc4 18. Bxd6+ Qxd6 19. Qe2 Rhc8 20. Bf5 Qf4+ 21. Kb1 Qxf5 22. Rhg1 Kf7 23. Rg3 Ne4 24. Nxe4 dxe4 25. Reg1 Qf6 26. Rxg7+ Qxg7 27. Rxg7+ Kxg7 28. Qg4+ Kf7 29. Qg6+ Ke7 30. Qxh6 Rf8 31. b3 e3 32. Qg5+ Rf6 33. fxe3 Nd2+ 34. Kb2 Ne4 35. Qg2 Nd6 36. e4 Rff8 37. e5 b5 38. exd6+ Kxd6 39. h6 Rh8 40. Qg7 Rhg8 41. Qe5+ Kd7 42. d5 exd5 43. Qxd5+ Kc7 44. b4 Rad8 45. Qe5+ Kb7 46. Kb3 Rc8 47. c3 Rge8 48. Qd5+ Kb6 49. Qd4+ Kb7 50. a4 bxa4+ 51. Kxa4 Rcd8 52. Qc5 Rc8 53. Qd5+ Kb8 54. c4 Rcd8 55. Qc6 Ka7 56. Ka5 Kb8 57. Qb6+ Ka8 58. Qxa6+ Kb8 59. b5 Re1 60. Qb6+ Kc8 61. Qc6+ Kb8 62. Kb4 Rb1+ 63. Kc3 Rc1+ 64. Kb2 Rcd1 65. Qb6+ Ka8 66. Qa6+ Kb8 67. Qf6 R1d6 68. Qf4 Kb7 69. Kb3 Rd1 70. Qe4+ Kb8 71. Qe5+ Kb7 72. h7 Rb1+ 73. Ka2 Rb4 74. Qe7+ 1-0

[Event "35. DSenEM 50+"]
[Site "Bad Wildungen"]
[Date "2023.07.22"]
[Round "6.14"]
[White "Herold, Hansjoerg"]
[Black "Koschetzki, Christian"]
[Result "1/2-1/2"]
[WhiteElo "1836"]
[BlackElo "1950"]
[Annotator "hugo5"]
[PlyCount "32"]
[EventDate "2023.??.??"]
[WhiteTeam "SV 23 Boeckingen"]
[BlackTeam "SVG Salzgitter e.V."]

1. e4 c6 2. d4 d5 3. exd5 cxd5 4. c4 Nf6 5. Nc3 Nc6 6. cxd5 Nxd5 7. Nf3 e6 8. Qb3 Be7 9. Bd3 Nf6 10. Be3 O-O 11. h3 b6 12. O-O Bb7 13. Rfd1 Rc8 14. Ne5 Nd5 15. Nxc6 Bxc6 16. Nxd5 Qxd5 {(=)} 1/2-1/2

[Event "35. DSenEM 50+"]
[Site "Bad Wildungen"]
[Date "2023.07.22"]
[Round "6.15"]
[White "Domnick, Michael"]
[Black "Dreke, Frank"]
[Result "0-1"]
[WhiteElo "1742"]
[BlackElo "1944"]
[PlyCount "54"]
[EventDate "2023.??.??"]
[WhiteTeam "Turnverein Witzhelden 1884 e. V."]
[BlackTeam "SV Mattnetz Berlin e.V."]

1. d4 Nf6 2. Nf3 e6 3. g3 b6 4. Bg2 Bb7 5. O-O c5 6. c4 d6 7. Nc3 Be7 8. Re1 Ne4 9. Nxe4 Bxe4 10. dxc5 bxc5 11. Nd2 Bxg2 12. Kxg2 Qb6 13. Rb1 O-O 14. Nf3 Nc6 15. e4 Qa6 16. b3 Qxa2 17. Be3 Qa5 18. h4 Rfd8 19. Bg5 Qc7 20. Bxe7 Qxe7 21. Re3 Rab8 22. Ng5 Nd4 23. Qh5 h6 24. Nf3 e5 25. g4 Ne6 26. Kh2 Nf4 27. Qf5 g6 0-1

[Event "35. DSenEM 50+"]
[Site "Bad Wildungen"]
[Date "2023.07.22"]
[Round "6.16"]
[White "Goeldenboog, Juergen"]
[Black "Warnk, Torsten"]
[Result "1/2-1/2"]
[WhiteElo "1984"]
[BlackElo "1733"]
[Annotator "hugo5"]
[PlyCount "44"]
[EventDate "2023.??.??"]
[WhiteTeam "Schachverein Horst-Emscher 31"]
[BlackTeam "Sges Bensheim 1931"]

1. d4 d5 2. c4 e6 3. Nc3 Nf6 4. Bg5 Be7 5. e3 O-O 6. Nf3 Nbd7 7. cxd5 Nxd5 8. Nxd5 exd5 9. Bxe7 Qxe7 10. Bd3 Nf6 11. O-O Ne4 12. Qc2 c6 13. a3 h6 {(=)} 14. b4 a6 15. a4 Qxb4 16. Bxe4 dxe4 17. Qxe4 Qd6 18. Rfc1 Be6 19. Qe5 Rfd8 20. a5 Bg4 21. Qxd6 Rxd6 22. Rab1 Bxf3 {(=)} 1/2-1/2

[Event "35. DSenEM 50+"]
[Site "Bad Wildungen"]
[Date "2023.07.22"]
[Round "6.17"]
[White "Fiedler, Wolfgang"]
[Black "Kopischke, Maik"]
[Result "1/2-1/2"]
[WhiteElo "1981"]
[BlackElo "1800"]
[Annotator "hugo5"]
[PlyCount "42"]
[EventDate "2023.??.??"]
[WhiteTeam "SC Schwarz-Weiss Nuernberg Sued"]
[BlackTeam "SG Weissensee 49 e.V."]

1. f4 d5 2. Nf3 g6 3. d4 Bg7 4. e3 Nh6 5. c4 c6 6. Nc3 O-O 7. cxd5 cxd5 8. Qb3 e6 9. Bd3 Nd7 10. O-O Qb6 11. Qxb6 Nxb6 12. b3 Nf5 13. Bxf5 gxf5 14. Ba3 Rd8 15. Rfc1 Bf8 16. Bxf8 Kxf8 17. Rc2 Bd7 18. Rac1 Ke7 19. Ne5 f6 20. Nd3 Nc8 21. Nc5 Nd6 {(=)} 1/2-1/2